00520nam a22001697a 4500003000400000020001800004082001800022100001800040245007200058260003800130300000700168700001800175700001700193942001200210952011100222999001700333SGT a9786208433352 a617.645bG25S aShweta Kumar  aGeneral Anesthesia for Pediatric Dental Patients with special needs bLambert Academic Publishingc2025 a45 aGarg, Shalini aVerma, Shalu 2ddccBK 00102ddc405171aFDbFDd2025-04-23iSGTUl0o617.645 G25SpFD9700r2025-04-23 00:00:00w2025-04-23yBK c30938d30938